00882cam a2200229 a 4500020003500000040000900035082002600044245009300070260007600163300003400239650001100273650001100284650001100295650002200306700003800328700002400366700003500390710005000425942001000475999001700485952015000502 a089629207X (pbk. : alk. paper) cDNAL00a338 SOC 2013 C077 Or.00aSocioeconomic considerations in biosafety decisionmaking :bmethods and implementation / aWashington, DC :bInternational Food Policy Research Institute,cc2013. axiv, 212 p. :bill. ;c23 cm. 0aCotton 0aCotton 0aCotton 0aTransgenic plants1 aHorna Rodríguez, Julia Daniela.1 aZambrano, Patricia.1 aFalck-Zepeda, José Benjamin.2 aInternational Food Policy Research Institute. cAEDBB c21338d21338 0010406338_000000000000000_SOC_2013_C077_OR70993285aLBCbLBCcC077d2023-05-16o338 SOC 2013 C077 Or.pa38392r2023-05-16w2023-05-16yAEDBB